Scholarships & grants for study or research in USA / (Record no. 194825)
[ view plain ]
| 000 -LEADER | |
|---|---|
| fixed length control field | 00664 a2200169 4500 |
| 003 - CONTROL NUMBER IDENTIFIER | |
| control field | Nust |
| 005 - DATE AND TIME OF LATEST TRANSACTION | |
| control field | 20170207154204.0 |
| 020 ## - INTERNATIONAL STANDARD BOOK NUMBER | |
| International Standard Book Number | 0-940937-00-X |
| 040 ## - CATALOGING SOURCE | |
| Transcribing agency | Nust |
| 082 04 - DEWEY DECIMAL CLASSIFICATION NUMBER | |
| Classification number | 370 |
| 245 00 - TITLE STATEMENT | |
| Title | Scholarships & grants for study or research in USA / |
| Statement of responsibility, etc. | American Collegiate Service |
| 260 ## - PUBLICATION, DISTRIBUTION, ETC. | |
| Place of publication, distribution, etc. | Houston : |
| Name of publisher, distributor, etc. | American Collegiate Service, |
| Date of publication, distribution, etc. | 1986 |
| 300 ## - PHYSICAL DESCRIPTION | |
| Extent | 146 s. |
| 505 ## - FORMATTED CONTENTS NOTE | |
| Formatted contents note | FInancing Your Studies in USA (Page-4) Financial Aid From US Collages and Universities (Page-17) A Wards Form US Founditions and International Organization (Page-77) |
| 710 2# - ADDED ENTRY--CORPORATE NAME | |
| Corporate name or jurisdiction name as entry element | American Collegiate Service |
| 740 0# - ADDED ENTRY--UNCONTROLLED RELATED/ANALYTICAL TITLE | |
| Uncontrolled related/analytical title | scholarships and grants : a scholarship handbook for foreign nationals |
| 942 ## - ADDED ENTRY ELEMENTS (KOHA) | |
| Source of classification or shelving scheme | |
| Koha item type | Book |
| Withdrawn status | Lost status | Source of classification or shelving scheme | Damaged status | Not for loan | Collection code | Permanent Location | Current Location | Date acquired | Total Checkouts | Full call number | Barcode | Date last seen | Price effective from | Koha item type |
|---|---|---|---|---|---|---|---|---|---|---|---|---|---|---|
| Military College of Signals (MCS) | Military College of Signals (MCS) | 12/12/2016 | 370 USA | MCS36680 | 12/08/2016 | 12/12/2016 | Book |
